000 00582nam a2200229Ia 4500
003 OSt
005 20220924152058.0
006 a|||||r|||| 00| 0
007 ta
008 220923b |||||||| |||| 00| 0 mar d
024 _a340751
037 _cTextual
040 _aARTS
_cARTS
_bmar
041 _2mar
_amar
082 _aO155,3M85:g, M9
100 _aM.N.Advant
_9225784
245 0 _aVitthal Sitaram Gujar
260 _c1989
650 _aMARATHI LITERATURE
_938000
942 _hO155,3M85:g, M9
_cTEXL
_2CC
999 _c468670
_d468670